000 00477nam a2200169 i 4500
001 73815
003 ES-MaACL
005 20240320062531.0
007 t|
008 040913s1932 sp ||||1| spa d
100 1 _aGómez de la Serna, Ramón,
_d1888-1963
_957901
245 1 0 _aPolicéfalo y señora
_b: novela /
_cRamón Gómez de la Serna.
260 _aMadrid :
_bEspasa-Calpe,
_c1932.
300 _a232 p. ;
_c20 cm.
852 _aES-MaACL
_jA-1073
999 _c73815
_d73815